000 00963cam a2200277 a 4500
999 _c13620
_d13620
005 20181125020037.0
008 040517m20042005njuab 001 0 eng
020 _a013035256
050 0 0 _aQC 23 .G399 2005
100 1 _aGiancoli, Douglas C.
245 1 0 _aPhysics :
_bprinciples with applications /
_cDouglas C. Giancoli.
250 _a6th ed.
260 _aU.S.A.
_bPearson Prentice Hall,
_c2005.
300 _axxv,437[45]
_bill. (some col.);
_c28 cm.
500 _aIncludes indexes.
650 0 _aPhysics.
942 _2lcc
_cBOOKS
_01